000 00529nam a2200157Ia 4500
008 151213s9999 xx 000 0 und d
100 _aমনসুর মূসা
245 _aসু শিক্ষা বর্ষ স্মারক গ্রন্থ।
_cমনসুর মূসা
250 _a১ম সং
260 _aঢাকা
_bবাংলা একাডেমী
_c2003
300 _a8375 p.
650 _aBangla
650 _aস্মারক
700 _aমনসুর মূসা
999 _c4214
_d4214